[Event "GBR-ch U1900 op 105th"]
[Site "Hull"]
[Date "2018.08.02"]
[Round "4"]
[White "Sadler, Ben"]
[Black "Milewska, Agnieszka"]
[Result "1/2-1/2"]
[WhiteElo "1532"]
[BlackElo "1778"]
[PlyCount "108"]
[EventDate "2018.07.30"]
[EventType "swiss"]
[EventRounds "5"]
[EventCountry "ENG"]
[SourceTitle "EXT 2021"]
[Source "ChessBase"]
[SourceDate "2020.10.23"]
[SourceVersion "1"]
[SourceVersionDate "2020.10.23"]
[SourceQuality "1"]

1. Nf3 d5 2. g3 Nf6 3. Bg2 c5 4. d3 e6 5. 0-0 Nc6 6. c3 Be7 7. a3 0-0 8. b4 cxb4 9. cxb4 b6 10. Bb2 Bb7 11. Nbd2 Rc8 12. Nb3 Qd6 13. Qd2 h6 14. b5 Nb8 15. Be5 Qd7 16. Nfd4 Ng4 17. Bxb8 Rxb8 18. a4 Rfd8 19. h3 Nf6 20. Rfc1 e5 21. Nc6 Bxc6 22. Rxc6 a5 23. Rac1 Qf5 24. g4 Nxg4 25. hxg4 Qxg4 26. d4 e4 27. e3 f5 28. Qd1 Qh4 29. f4 Qg3 30. Qe1 Qg4 31. Qd1 Qg3 32. Qe2 Bh4 33. Nd2 Be7 34. Nf1 Qh4 35. Qf2 Qh5 36. Qg3 Rd6 37. Rc8+ Rxc8 38. Rxc8+ Kh7 39. Qh3 Qf7 40. Ng3 g6 41. Rc7 Qe6 42. Qh2 Rd7 43. Rxd7 Qxd7 44. Bf1 Qc7 45. Qb2 h5 46. Ne2 Bb4 47. Kf2 Qe7 48. Qc2 Qh4+ 49. Ng3 Kh6 50. Kg2 Be1 51. Nxf5+ gxf5 52. Qc6+ Kg7 53. Qd7+ Kg6 54. Qe8+ Kg7 1/2-1/2